Derecho, infancia y familia
保存先:
| 第一著者: | |
|---|---|
| フォーマット: | 図書 |
| 言語: | スペイン語 |
| 出版事項: |
Barcelona
Gedisa
2000
|
| シリーズ: | Biblioteca Yale de Estudios Jurídicos
|
| 主題: | |
| タグ: |
タグ追加
タグなし, このレコードへの初めてのタグを付けませんか!
|
MARC
| LEADER | 00000nam a2200000 a 4500 | ||
|---|---|---|---|
| 001 | UCM4277 | ||
| 003 | CL-VaPUC | ||
| 008 | 020809e20000000SP |||||||||||||||||spa|d | ||
| 082 | 0 | 4 | |a 346.0135 |b BEL |2 21 |
| 100 | 0 | |a Beloff, Mary |e author |9 470808 | |
| 245 | 1 | 0 | |a Derecho, infancia y familia |
| 300 | |a 236 p | ||
| 942 | |c BK | ||
| 945 | |d 20020809 00:00:00 |a vberengu | ||
| 260 | |a Barcelona |b Gedisa |c 2000 | ||
| 650 | 0 | |a Derechos del niño |9 258728 | |
| 650 | 0 | |a Familias |9 255641 | |
| 650 | 0 | |a Niños |9 255605 | |
| 650 | 0 | |a Problemas sociales |9 258537 | |
| 583 | |a last modification |c 20161005 05:12:55 |k Rodrigo Vera | ||
| 490 | 0 | |a Biblioteca Yale de Estudios Jurídicos | |
| 999 | |c 301066 |d 301064 | ||
| 952 | |0 0 |1 0 |4 0 |6 346_013500000000000_BEL_2000 |7 0 |8 A |9 359735 |a BIBGIM |b BIBGIM |d 2019-11-21 |i 3836339 |o 346.0135 BEL 2000 |p 3836339 |r 2025-01-15 |w 2019-11-21 |y BK |k SSL | ||